000 00878nam a2200229 a 4500
001 BRCA_1263
005 20190320203343.0
008 071105s1991----us-a---###---#000-0#eng-d
020 _a0890132194 (CB)
050 4 _aBX4655
_b.E33 1991
100 1 _aEgan, Martha J.
_94080
245 1 0 _aMilagros
_bvotive offerings from the AmerÍcas
_cMartha Egan ; prefacio Marion Outtinger Jr. ; tr. Luis Fernando Meejia y Ana Isabel Stellino Martínez:Museum of New México Press.
260 _aEstados Unidos
_bMary wach
_c1991
300 _axi, 119 p.
_bil.
_c21 cm.
650 1 4 _aReliquias religiosas
_xMilagros
_zAmérica
_94159
650 1 4 _aReliquias religiosas
_xOfrendas
_zAmérica
_94160
700 1 _aOuttinger, Marion
_94161
700 1 _aMejia, Luis Fernando
_94162
700 1 _aStellino Matínez, Ana Isabel
_94163
710 2 _aMuseum of New México Press
_94164
942 _2lcc
_cB
999 _c1132
_d1132